[Event "ICS rated blitz match"]
[Site "207.99.83.227"]
[Date "1999.04.12"]
[Round "?"]
[White "blunite"]
[Black "Hossa"]
[Result "0-1"]
[WhiteElo "2271"]
[BlackElo "2448"]
[PlyCount "90"]

1. e4 d6 2. d4 Nf6 3. Nc3 g6 4. Bc4 Bg7 5. Qe2 Bg4 6. f3 Bd7 7. Be3 Nc6 8. Qd2
e5 9. Nge2 exd4 10. Nxd4 Ne5 11. Be2 Qe7 12. O-O-O O-O-O 13. Rhe1 Rhe8 14. Kb1
Kb8 15. h3 Rc8 16. f4 Nc6 17. Bf3 Nb4 18. a3 Na6 19. g4 Nc5 20. Bf2 Be6 21. g5
Nfd7 22. Nd5 Qd8 23. h4 c6 24. Nc3 Qa5 25. Nce2 Qb6 26. Nc3 Bc4 27. Ka1 Qa5 28.
Bg4 Rcd8 29. Bf3 Nb6 30. Re3 Be6 31. Be2 Nc4 32. Bxc4 Bxc4 33. Kb1 Be6 34. Qe1
Bg4 35. Rd2 Ka8 36. Kc1 Bxd4 37. Rxd4 Qc7 38. Rd2 Ne6 39. Bg3 Rd7 40. Red3 Nc5
41. Re3 Rde7 42. b4 Nd7 43. Kb2 Nb6 44. Qf1 d5 45. e5 45... Nc4+ {
blunite resigns} 0-1

[Event "ICS rated blitz match"]
[Site "207.99.83.227"]
[Date "1999.04.12"]
[Round "?"]
[White "Hossa"]
[Black "Cell"]
[Result "0-1"]
[WhiteElo "2446"]
[BlackElo "2331"]
[Annotator "Crafty v16.6"]
[PlyCount "136"]

{annotating for player Hossa using a scoring margin of +0.10 pawns. search
time limit is 20.00} 1. e4 1... c5 2. Bc4 d6 3. Nc3 Nc6 4. Nf3 Nf6 5. O-O ({
8:-0.30} 5. O-O 5... Bg4 6. e5 dxe5 7. d3 Rc8 8. Bg5 8... Nd4 $10) ({8:+0.35} 
5. d4 5... cxd4 6. Nxd4 e5 7. Nxc6 bxc6 8. Bg5 Rb8 9. Bb3 9... Be7 $14) 5...
Bg4 6. Bb5 ({9:-0.30} 6. Bb5 6... e5 7. a3 Be7 8. b4 cxb4 9. axb4 O-O 10. Ba3
10... Nd4 $10) ({9:-0.19} 6. Be2 6... Qd7 7. h3 Bxf3 8. Bxf3 e5 9. Nd5 Be7 10.
Nxe7 Qxe7 11. Qe2 $10) 6... e6 7. d3 ({9:-0.19} 7. d3 7... e5 8. Nd5 a6 9.
Bxc6+ bxc6 10. Ne3 Bxf3 11. Qxf3 Be7 12. d4 12... cxd4 $10) ({9:+0.03} 7. d4
7... cxd4 8. Qxd4 Be7 9. Bxc6+ bxc6 10. Qc4 O-O 11. Qxc6 Bxf3 12. gxf3 Rc8 13.
Qb7 $10) 7... Be7 8. h3 Bh5 9. g4 ({9:-0.08} 9. g4 9... Bg6 10. e5 Nd5 11. exd6
Qxd6 12. Nxd5 Qxd5 13. Bc4 Qd6 14. Bg5 Bxg5 15. Nxg5 $10) ({9:+0.11} 9. Bxc6+
9... bxc6 10. e5 dxe5 11. g4 Nxg4 12. hxg4 Bxg4 13. Re1 Qd6 14. Be3 $10) 9...
Bg6 10. e5 Nd7 11. Bxc6 bxc6 12. exd6 Bxd6 13. h4 h6 14. h5 Bh7 15. g5 ({
9:-0.60} 15. g5 15... hxg5 16. Nxg5 Bf5 17. Re1 Be7 18. Nge4 Nf6 19. Nxf6+ Bxf6
20. Be3 20... Qd6 $15) ({9:+0.04} 15. Ne4 15... Bc7 16. Qe2 f5 17. Ng3 Qf6 18.
Re1 e5 19. g5 hxg5 20. Bxg5 $10) 15... hxg5 16. Nxg5 Bf5 17. Nge4 Be5 18. Bg5
Qc7 19. Re1 f6 20. Bc1 O-O-O 21. Rb1 ({8:-0.69} 21. Rb1 21... g6 22. h6 Bf4 23.
Bxf4 Qxf4 24. Qc1 Qxc1 25. Rbxc1 25... Rxh6 $15) ({8:-0.51} 21. Kg2 21... c4
22. dxc4 Nc5 23. Qe2 Nxe4 24. Nxe4 Bxe4+ 25. Qxe4 Rxh5 26. Kf1 $15) 21... Bf4
22. Bxf4 Qxf4 23. Ne2 Qh4 24. Nd6+ ({9:-1.26} 24. Nd6+ 24... Kb8 25. Nxf5 exf5
26. b4 Qxh5 27. Ng3 Qh2+ 28. Kf1 Qh3+ 29. Ke2 Rde8+ 30. Kd2 cxb4 31. Rxb4+ Nb6
32. Rxe8+ 32... Rxe8 $17) ({9:-0.83} 24. N2g3 24... Bg4 25. Qc1 Bxh5 26. Nd6+
Kc7 27. Re4 Bg4 28. Qf4 28... Ne5 $17) 24... Kc7 25. Nxf5 exf5 26. Ng3 f4 27.
Ne4 Rxh5 28. Kf1 Ne5 29. Ke2 Qh3 30. Rg1 Qf3+ 31. Kd2 Qxd1+ 32. Kxd1 Rg8 33.
Nxc5 Nf3 34. Ne6+ Kd6 35. Nxf4 Rf5 36. Rg4 Ne5 37. Rh4 g5 38. Rh3 Rxf4 39. Ke1
g4 40. Rh1 g3 41. fxg3 Rxg3 42. Kd2 Nf3+ 43. Kc3 Rg2 44. Rh8 Ne5 45. Rc1 Rff2
46. Ra8 f5 47. Rxa7 f4 48. a3 f3 49. Ra8 Re2 50. Rh8 f2 51. Rh6+ Kd5 52. Rf6
Ng4 53. Rf8 Ne3 54. Rd8+ Ke6 55. Re8+ Kd7 56. Rxe3 Rxe3 57. Rf1 Re1 58. Rxf2
Rxf2 59. Kb3 Ree2 60. Kb4 Rxc2 61. d4 Rxb2+ 62. Kc3 Ra2 63. Kb4 Kd6 64. a4 Kd5
65. Kb3 Kxd4 66. Kb4 Rfb2+ 67. Ka5 c5 68. Ka6 Rxa4# 0-1

[Event "ICS rated blitz match"]
[Site "207.99.83.227"]
[Date "1999.04.12"]
[Round "?"]
[White "totoff"]
[Black "Hossa"]
[Result "0-1"]
[WhiteElo "2144"]
[BlackElo "2425"]
[PlyCount "130"]

1. e4 e5 2. Nf3 Nc6 3. Bb5 a6 4. Ba4 Nf6 5. Bxc6 dxc6 6. d3 Bg4 7. h3 Bxf3 8.
Qxf3 Nd7 9. O-O Be7 10. Nd2 O-O 11. Nc4 Kh8 12. Ne3 Qe8 13. b3 Bb4 14. Bb2 Rd8
15. Qg3 Qe7 16. Nf5 Qf6 17. f4 Rde8 18. fxe5 Nxe5 19. Kh1 Bd6 20. Nxd6 Qxd6 21.
Rf5 f6 22. Raf1 Nc4 23. Qxd6 Nxd6 24. R5f2 Rg8 25. g4 h6 26. h4 Kh7 27. Rh2 Kg6
28. Rg2 c5 29. Kh2 b5 30. Kh3 a5 31. Rfg1 Kf7 32. Rf1 Ke6 33. g5 hxg5 34. hxg5
Rh8+ 35. Kg4 Reg8 36. Kf3 Nf7 37. gxf6 gxf6 38. Rfg1 Rxg2 39. Rxg2 Rh6 40. Bc3
b4 41. Bd2 Ne5+ 42. Ke2 Rg6 43. Rxg6 Nxg6 44. Be3 Kd6 45. Kf3 Nf8 46. Bf4+ Kd7
47. Kg4 Ne6 48. Kf5 Nxf4 49. Kxf4 Ke6 50. Kg4 Ke5 51. Kh5 f5 52. exf5 Kxf5 53.
Kh6 Kf4 54. Kg6 Ke3 55. Kf5 Kd2 56. Ke5 Kxc2 57. Kd5 Kb2 58. Kxc5 Kxa2 59. Kc6
Kxb3 60. Kxc7 Kc3 61. Kb6 b3 62. Kxa5 b2 63. d4 b1=Q 64. d5 Qb7 65. d6 65...
Kc4 {totoff resigns} 0-1

[Event "ICS rated blitz match"]
[Site "207.99.83.227"]
[Date "1999.04.12"]
[Round "?"]
[White "ILAW"]
[Black "Hossa"]
[Result "0-1"]
[WhiteElo "2337"]
[BlackElo "2435"]
[PlyCount "52"]

1. d4 Nf6 2. c3 e6 3. e3 d5 4. Bd3 Nc6 5. f4 Be7 6. Nf3 Ng4 7. O-O Bd7 8. h3
Nf6 9. Nbd2 O-O 10. Qe2 Kh8 11. Ne5 Be8 12. g4 Rc8 13. Kh1 Nxe5 14. fxe5 Nd7
15. Rf3 c5 16. Nf1 Bh4 17. Bd2 c4 18. Bc2 f6 19. exf6 Nxf6 20. Ng3 Bxg3 21.
Rxg3 Qb6 22. b3 cxb3 23. axb3 Bb5 24. Qf2 Ne4 25. Qg2 Bf1 26. Qg1 26... Nxd2 {
ILAW resigns} 0-1

[Event "ICS rated blitz match"]
[Site "207.99.83.227"]
[Date "1999.04.12"]
[Round "?"]
[White "Hossa"]
[Black "totoff"]
[Result "1-0"]
[WhiteElo "2439"]
[BlackElo "2154"]
[PlyCount "65"]

1. e4 e6 2. Nf3 c5 3. Bb5 a6 4. Be2 Nc6 5. O-O Nf6 6. d3 d5 7. exd5 exd5 8. Nc3
Be7 9. Bg5 O-O 10. Qd2 Be6 11. Rae1 Re8 12. Qf4 b5 13. a3 Rb8 14. Nd1 b4 15. a4
b3 16. c3 Qd7 17. Kh1 h6 18. Bxh6 gxh6 19. Qxh6 Bf5 20. Ne3 Bh7 21. d4 cxd4 22.
cxd4 Qd6 23. Bxa6 Bf8 24. Qg5+ Bg7 25. Bb5 Ne4 26. Qxd5 Qxd5 27. Nxd5 Nxd4 28.
Bxe8 Rxe8 29. Ng5 Nxf2+ 30. Kg1 Rxe1 31. Rxe1 Nd3 32. Ne7+ Kh8 33. Nxf7# {
totoff checkmated} 1-0

[Event "ICS rated blitz match"]
[Site "207.99.83.227"]
[Date "1999.04.12"]
[Round "?"]
[White "anser-2"]
[Black "Hossa"]
[Result "0-1"]
[WhiteElo "2277"]
[BlackElo "2455"]
[PlyCount "50"]

1. e4 e5 2. Nf3 Nc6 3. Bc4 Bc5 4. c3 Nf6 5. d3 h6 6. a4 Bb6 7. O-O O-O 8. h3 d5
9. exd5 Nxd5 10. Re1 Qd6 11. b4 a6 12. Ba3 Nf4 13. b5 Qg6 14. Nh4 Qg3 15. Qf3
Bxf2+ 16. Kh1 Qxh4 17. Re4 axb5 18. axb5 Nb4 19. cxb4 Bd4 20. Ra2 Bf5 21. Rxd4
exd4 22. Nd2 Rfe8 23. Ne4 Bxe4 24. dxe4 Qe1+ 25. Kh2 25... Qxe4 {
anser-2 resigns} 0-1

[Event "ICS rated blitz match"]
[Site "207.99.83.227"]
[Date "1999.04.12"]
[Round "?"]
[White "Hossa"]
[Black "izirom"]
[Result "1-0"]
[WhiteElo "2463"]
[BlackElo "2117"]
[PlyCount "39"]

1. e4 c5 2. Bc4 e6 3. Nc3 a6 4. a4 Nc6 5. Nf3 Nf6 6. O-O d5 7. exd5 exd5 8. Bb3
Be7 9. d3 O-O 10. Re1 Bg4 11. Bg5 Nd4 12. Bxf6 Bxf6 13. Bxd5 Bxf3 14. Bxf3
Nxf3+ 15. Qxf3 Bxc3 16. bxc3 Qc7 17. Qe4 h6 18. Re2 b5 19. axb5 axb5 20. Rxa8 {
izirom resigns} 1-0

[Event "ICS Rated blitz match"]
[Site "207.99.83.227"]
[Date "1999.04.12"]
[Round "?"]
[White "Hossa"]
[Black "totoff"]
[Result "1-0"]
[WhiteElo "2475"]
[BlackElo "2154"]
[PlyCount "63"]

1. e4 c5 2. Bc4 e6 3. Nc3 a6 4. a4 Nc6 5. Nf3 Nf6 6. O-O d5 7. exd5 exd5 8. Bb3
c4 9. Ba2 Rb8 10. d3 b5 11. Bf4 Rb7 12. Re1+ Be7 13. axb5 axb5 14. dxc4 dxc4
15. Qxd8+ Nxd8 16. Bd6 Ne6 17. Bxe7 Kxe7 18. Nd4 Bd7 19. Re5 Rhb8 20. Nxe6 Bxe6
21. b4 Nd7 22. Rh5 h6 23. Re1 Ra8 24. Bb1 Rab8 25. f4 Kf8 26. Ne4 Ra7 27. Nd6
Ra1 28. Rxb5 Rba8 29. f5 Bxf5 30. Rxf5 f6 31. Nxc4 Rb8 32. c3 {totoff resigns}
1-0

[Event "ICS rated blitz match"]
[Site "207.99.83.227"]
[Date "1999.04.12"]
[Round "?"]
[White "Hossa"]
[Black "Hu-Jazz"]
[Result "1/2-1/2"]
[WhiteElo "2483"]
[BlackElo "2138"]
[PlyCount "146"]

1. e4 c5 2. Bc4 e6 3. Nc3 Nc6 4. Nf3 Nf6 5. O-O Nxe4 6. Nxe4 d5 7. d3 dxe4 8.
dxe4 Bd6 9. Bg5 f6 10. Be3 O-O 11. Qd3 Qe7 12. Rad1 Rd8 13. Qe2 Bd7 14. Rd2 Be8
15. Bd3 Ne5 16. Nxe5 Bxe5 17. c3 Qc7 18. f4 Bd6 19. Bc4 Bf7 20. Rfd1 a6 21. Qf3
Rac8 22. Qh3 Qe7 23. f5 exf5 24. Bxf7+ Kxf7 25. Qxf5 Ra8 26. Kh1 g6 27. Qh3 Kg8
28. Bf2 b5 29. Rd5 Rab8 30. a3 Ra8 31. Be3 a5 32. Qh6 a4 33. e5 Bxe5 34. Bxc5
Rxd5 35. Rxd5 Qb7 36. Rd1 Re8 37. Bf2 f5 38. Re1 Qg7 39. Qxg7+ Kxg7 40. Bd4 Kf6
41. h4 h6 42. Re2 g5 43. h5 f4 44. Bc5 Kf5 45. Bf2 Rd8 46. Kg1 Rd5 47. Kf1 Kg4
48. Bd4 Bxd4 49. Rd2 f3 50. cxd4 fxg2+ 51. Kxg2 Rd6 52. Rd3 Kxh5 53. Kf3 Kh4
54. Kg2 g4 55. d5 h5 56. b3 axb3 57. Rxb3 Rxd5 58. Kf2 Kg5 59. a4 bxa4 60. Rb8
Ra5 61. Rg8+ Kh4 62. Re8 Kh3 63. Kg1 a3 64. Re1 a2 65. Ra1 Kh4 66. Kg2 Kg5 67.
Kf2 h4 68. Kg2 Kf4 69. Rf1+ Kg5 70. Ra1 Ra4 71. Kh2 g3+ 72. Kh3 Ra3 73. Rxa2
73... Rxa2 {Hossa stalemated} 1/2-1/2

[Event "ICS rated blitz match"]
[Site "207.99.83.227"]
[Date "1999.04.12"]
[Round "?"]
[White "Hu-Jazz"]
[Black "Hossa"]
[Result "1-0"]
[WhiteElo "2150"]
[BlackElo "2471"]
[Annotator "Crafty v16.6"]
[PlyCount "109"]

{annotating for player Hossa using a scoring margin of +0.10 pawns. search
time limit is 20.00} 1. e4 1... d6 2. d4 e6 3. Nc3 Nf6 4. Nf3 Be7 5. Be2 d5 ({
10:-0.47} 5... d5 6. e5 Ne4 7. Qd3 Nc6 8. O-O Nb4 9. Qd1 O-O 10. Nxe4 10...
dxe4 $14) ({10:-0.34} 5... O-O 6. O-O Nc6 7. Bf4 Ng4 8. Bg3 Qd7 9. Ne1 e5 10.
Nd5 $14) 6. e5 Ne4 ({9:-0.62} 6... Ne4 7. Qd3 Nxc3 8. Qxc3 O-O 9. O-O Nd7 10.
Bf4 c5 11. Rad1 $14) ({9:-0.48} 6... Nfd7 7. O-O c5 8. Bf4 Nc6 9. Nb5 O-O 10.
Qd3 10... cxd4 $14) 7. Nxe4 dxe4 8. Ng1 O-O 9. Be3 c5 10. dxc5 Nd7 11. Qd4 Bxc5
12. Qxe4 Bxe3 13. Qxe3 Qa5+ 14. c3 Nxe5 ({11:-0.21} 14... Nxe5 15. Nh3 Bd7 16.
O-O Rfd8 17. Ng5 f6 18. Ne4 Qd5 19. Rfd1 Nc4 20. Bxc4 20... Qxc4 $10) ({
11:-0.08} 14... Qxe5 15. Qxe5 Nxe5 16. Nf3 Ng6 17. O-O Bd7 18. Rad1 Rad8 19.
Bc4 Nf4 20. Ne5 $10) 15. f4 Ng6 16. Nf3 Qf5 17. g3 Qc2 18. b3 Ne7 19. Qd3 Qxd3
20. Bxd3 Nd5 21. c4 Ne3 ({11:-0.19} 21... Ne3 22. h3 Re8 23. Kf2 Nf5 24. Bxf5
exf5 25. Nd4 Be6 26. Rad1 Rad8 27. Rhe1 $10) ({11:+0.23} 21... Nb4 22. Be4 f5
23. Bb1 Bd7 24. O-O Rad8 25. Ne5 Nc6 26. Nxd7 Rxd7 27. Kf2 $10) 22. Ke2 Ng4 23.
Rad1 Nf6 24. Ne5 b6 25. Rd2 a5 ({11:-0.59} 25... a5 26. Bc2 Re8 27. Rd6 Ra6 28.
Rhd1 Rf8 29. R6d2 h6 30. Rd8 Bb7 31. Rxf8+ 31... Kxf8 $14) ({11:+0.00} 25...
Bb7 26. Rhd1 Bg2 27. Rg1 Bb7 28. Rgd1 $10) 26. Rhd1 Bb7 ({9:-0.73} 26... Bb7
27. Bc2 Rfc8 28. Nd7 Nxd7 29. Rxd7 Bc6 30. R7d6 Kf8 31. a4 $16) ({9:-0.60} 
26... Ra7 27. Bc2 Rc7 28. Rd8 Rc5 29. R1d6 b5 30. Rxf8+ Kxf8 31. Rb6 bxc4 32.
bxc4 $14) 27. Bb1 a4 ({9:-0.74} 27... a4 28. Rd6 axb3 29. axb3 Ra6 30. Nd7 Nxd7
31. Rxd7 Bc6 32. Re7 32... Rfa8 $16) ({9:-0.62} 27... Rfe8 28. Rd6 Rab8 29. Bc2
Kf8 30. Nd7+ Nxd7 31. Rxd7 Bc6 32. Rc7 32... Rbc8 $14) 28. b4 Ba6 ({9:-0.91} 
28... Ba6 29. b5 Bc8 30. Rd8 g6 31. Rxf8+ Kxf8 32. Rd8+ Kg7 33. Rd6 Rb8 34. Bd3
$16) ({9:-0.68} 28... Rab8 29. b5 Rfe8 30. Bc2 Be4 31. Nc6 Bxc6 32. bxc6 e5 33.
Bxa4 33... exf4+ $14) 29. Rd6 Nd5 ({9:-1.82} 29... Nd5 30. Kd2 Nxb4 31. Kc3
Nxa2+ 32. Bxa2 b5 33. Rd7 Bc8 34. Re7 $18) ({9:-0.89} 29... Rab8 30. b5 Bc8 31.
Rd8 g6 32. Rxf8+ Kxf8 33. Rd8+ Kg7 34. Bd3 a3 35. Ke3 $16) 30. Kd2 f6 31. Nd7
Bxc4 32. Nxf8 Rxf8 33. f5 b5 34. fxe6 a3 35. Bd3 Nxb4 36. Bxc4 bxc4 37. Kc3 Nd3
38. e7 Re8 39. Rd8 Kf7 40. Rxe8 Kxe8 41. Rb1 Nb2 42. Re1 Nd3 43. Re6 Ne5 44.
Kb4 Nf3 45. Kxa3 Nxh2 46. Kb4 h5 47. a4 Nf3 48. Kxc4 Ng5 49. Kd5 Nxe6 50. Kxe6
h4 51. gxh4 g5 52. h5 g4 53. h6 f5 54. h7 f4 55. h8=R# 1-0

[Event "ICS rated blitz match"]
[Site "207.99.83.227"]
[Date "1999.04.12"]
[Round "?"]
[White "Hossa"]
[Black "xroniko"]
[Result "1-0"]
[WhiteElo "2443"]
[BlackElo "2113"]
[PlyCount "49"]

1. e4 e5 2. Nf3 Nf6 3. Nc3 Nc6 4. Bc4 Nxe4 5. Nxe4 d5 6. Bd3 dxe4 7. Bxe4 Bd6
8. Bxc6+ bxc6 9. Qe2 O-O 10. O-O Bg4 11. Qe4 f5 12. Qxc6 e4 13. Qd5+ Kh8 14.
Ne5 Qe8 15. Nxg4 fxg4 16. Re1 Qd7 17. Qh5 g6 18. Qh4 Bc5 19. Rf1 Rf5 20. b4 Bd4
21. Rb1 Raf8 22. Bb2 Rxf2 23. Rxf2 g5 24. Qg3 h5 25. Qe3 {xroniko resigns} 1-0

[Event "ICS rated blitz match"]
[Site "207.99.83.227"]
[Date "1999.04.12"]
[Round "?"]
[White "SABINAH"]
[Black "Hossa"]
[Result "0-1"]
[WhiteElo "2089"]
[BlackElo "2447"]
[PlyCount "81"]

1. e4 e5 2. Nf3 Nc6 3. Bb5 a6 4. Bxc6 dxc6 5. O-O Qd6 6. d4 exd4 7. Qxd4 Qxd4
8. Nxd4 Bd7 9. Be3 O-O-O 10. Nc3 Bb4 11. Rad1 Bxc3 12. bxc3 Re8 13. f3 f5 14.
Nb3 Be6 15. Bd4 Nf6 16. Bxf6 gxf6 17. Rfe1 fxe4 18. Rxe4 Bf5 19. Rxe8+ Rxe8 20.
Rd2 Re5 21. Kf2 Be6 22. Re2 b6 23. Rxe5 fxe5 24. Ke3 Kd7 25. g3 Bf5 26. Na1 h5
27. h4 Kd6 28. Nb3 Bxc2 29. Nd2 Bf5 30. Nc4+ Kd5 31. Nd2 a5 32. a3 b5 33. Ne4
Bxe4 34. fxe4+ Ke6 35. Kf3 c5 36. g4 hxg4+ 37. Kxg4 b4 38. h5 bxa3 39. h6 Kf6
40. h7 Kg7 41. h8=Q+ {SABINAH resigns} 0-1

[Event "ICS rated blitz match"]
[Site "207.99.83.227"]
[Date "1999.04.12"]
[Round "?"]
[White "Hossa"]
[Black "SABINAH"]
[Result "1-0"]
[WhiteElo "2451"]
[BlackElo "2085"]
[PlyCount "69"]

1. e4 c6 2. Nc3 d5 3. exd5 cxd5 4. Nf3 Bg4 5. Be2 e6 6. O-O Nc6 7. d3 Nf6 8.
Ng5 Bxe2 9. Qxe2 Bd6 10. Nb5 h6 11. Nf3 a6 12. Nxd6+ Qxd6 13. Bd2 O-O 14. Rae1
b5 15. Kh1 Rac8 16. c3 Ne7 17. Nd4 Nc6 18. Nxc6 Rxc6 19. Qf3 e5 20. Qg3 Re8 21.
Re2 e4 22. Bf4 Qd7 23. Rfe1 Nh5 24. Qh4 Nxf4 25. Qxf4 f5 26. dxe4 dxe4 27. Rd2
Qc7 28. Qxf5 Rf8 29. Qxe4 Rcf6 30. f3 Rf4 31. Qe6+ Kh8 32. Qxa6 Rh4 33. Qd6 Qf7
34. Rd5 Qf4 35. Qxf4 {SABINAH resigns} 1-0

[Event "ICS rated blitz match"]
[Site "207.99.83.227"]
[Date "1999.04.12"]
[Round "?"]
[White "SABINAH"]
[Black "Hossa"]
[Result "0-1"]
[WhiteElo "2082"]
[BlackElo "2454"]
[PlyCount "41"]

1. e4 c5 2. Nf3 Nc6 3. d4 cxd4 4. Nxd4 Qb6 5. Nb3 Nf6 6. Be3 Qb4+ 7. c3 Qxe4 8.
Bd3 Qxg2 9. Rf1 Qxh2 10. N1d2 d5 11. Qc2 Bg4 12. Bf5 Qe5 13. Bxg4 Nxg4 14.
O-O-O Nxe3 15. fxe3 Qxe3 16. Rde1 Qg5 17. Kb1 Qg6 18. Nf3 Qxc2+ 19. Kxc2 h6 20.
Nfd4 e6 21. Nc5 {SABINAH resigns} 0-1

[Event "ICS rated blitz match"]
[Site "207.99.83.227"]
[Date "1999.04.12"]
[Round "?"]
[White "DeNiro"]
[Black "Hossa"]
[Result "0-1"]
[WhiteElo "2401"]
[BlackElo "2457"]
[PlyCount "98"]

1. e4 c5 2. Nf3 Nc6 3. Bb5 a6 4. Bxc6 dxc6 5. O-O Bg4 6. d3 e6 7. Nbd2 Nf6 8.
h3 Bxf3 9. Nxf3 Be7 10. e5 Nd5 11. c3 O-O 12. Qe2 Qc7 13. Re1 Rae8 14. Bg5 Kh8
15. Bxe7 Qxe7 16. h4 Rd8 17. g3 Nc7 18. Ng5 f6 19. exf6 Qxf6 20. Rf1 Qf5 21.
Rad1 h6 22. Ne4 Nd5 23. a3 b6 24. c4 Nf6 25. Nxf6 Rxf6 26. Rfe1 Rd4 27. Rd2 Qh3
28. Qe3 Rxh4 29. gxh4 Rg6+ 30. Qg3 Rxg3+ 31. fxg3 Qxg3+ 32. Kf1 Qxh4 33. Rf2
Qg3 34. Rfe2 Qxd3 35. Kg2 Qxc4 36. Rxe6 Qg4+ 37. Kf2 Qd4+ 38. Kf3 Qxb2 39. Kf4
Qxa3 40. Kf5 Qf3+ 41. Kg6 Qg2+ 42. Kf7 Qg3 43. R1e3 Qg5 44. R3e5 Qf4+ 45. Kg6
Qg3+ 46. Kf7 c4 47. Re8+ Kh7 48. R5e7 Qf3+ 49. Ke6 49... Qd5# {
DeNiro checkmated} 0-1

[Event "ICS rated blitz match"]
[Site "207.99.83.227"]
[Date "1999.04.12"]
[Round "?"]
[White "Hossa"]
[Black "DeNiro"]
[Result "1-0"]
[WhiteElo "2470"]
[BlackElo "2388"]
[PlyCount "57"]

1. e4 e6 2. Nf3 d5 3. exd5 exd5 4. d4 Bd6 5. Bb5+ c6 6. Bd3 Ne7 7. O-O O-O 8.
Bg5 f6 9. Be3 Bf5 10. Re1 Na6 11. Bxa6 bxa6 12. Nc3 Bg4 13. h3 Bh5 14. Qe2 Qd7
15. Rac1 Rab8 16. Rb1 Ng6 17. Ne5 Bxe5 18. Qxh5 Bc7 19. Ne2 Qd6 20. Ng3 f5 21.
Bg5 f4 22. Nf1 h6 23. Qg4 hxg5 24. Re6 Qd7 25. Rxg6 Qxg4 26. hxg4 Rb6 27. Rxg5
g6 28. Rxg6+ Kf7 29. Rh6 {DeNiro resigns} 1-0

[Event "ICS rated blitz match"]
[Site "207.99.83.227"]
[Date "1999.04.12"]
[Round "?"]
[White "DeNiro"]
[Black "Hossa"]
[Result "1-0"]
[WhiteElo "2376"]
[BlackElo "2482"]
[Annotator "Crafty v16.6"]
[PlyCount "81"]

{annotating for player Hossa using a scoring margin of +0.10 pawns. search
time limit is 20.00} 1. e4 1... e5 2. Nf3 Nc6 3. d4 exd4 4. Nxd4 Bc5 5. Nxc6
Qf6 6. Qd2 Qxc6 7. Bd3 Nf6 8. O-O O-O 9. Nc3 Bb4 10. Qf4 Bxc3 11. bxc3 Qxc3 ({
9:+0.19} 11... Qxc3 12. Rb1 Qc5 13. e5 Nd5 14. Qe4 f5 15. exf6 Nxf6 16. Bc4+
16... d5 $10) ({9:+0.34} 11... Re8 12. Bb2 b6 13. Rfe1 Bb7 14. Rad1 Rac8 15. f3
15... Qe6 $15) 12. Bd2 Qc5 13. Qh4 Qh5 ({9:+0.44} 13... Qh5 14. Qxh5 Nxh5 15.
e5 d5 16. Be2 g6 17. Bxh5 gxh5 18. Bh6 18... Re8 $15) ({9:+0.66} 13... d6 14.
Bg5 Qe5 15. Bxf6 Qxf6 16. Qxf6 gxf6 17. f3 17... Be6 $15) 14. Qg3 d6 15. Bg5
Ng4 16. Bf4 Ne5 17. Bxe5 dxe5 18. f4 exf4 19. Rxf4 Re8 20. Raf1 Be6 21. Rh4
Qc5+ 22. Kh1 Bxa2 23. e5 g6 24. Rh5 Bc4 ({8:+2.43} 24... Bc4 25. Rg5 Be6 26.
Qf4 a5 27. Be4 Bd5 28. Bf5 $19) ({8:+3.18} 24... Bd5 $19) 25. Rg5 Bxd3 26. cxd3
Qd5 27. Rf3 Rad8 ({9:+2.58} 27... Rad8 28. h4 Re7 29. h5 Qd4 30. hxg6 hxg6 31.
Rh5 Rd5 32. Re3 $19) ({9:+3.01} 27... a5 28. Rf6 Re7 29. Rgf5 Qd4 30. Rf1 Rd8
31. Qf3 Qxd3 32. Qxb7 $19) 28. h4 Qb5 ({9:+1.86} 28... Qb5 29. e6 Qb1+ 30. Kh2
Rxe6 31. Qxc7 Rf8 32. Re5 Qb6 33. Qxb6 33... Rxb6 $19) ({9:+2.64} 28... a5 29.
h5 Qd7 30. h6 a4 31. Qf4 a3 32. Qf6 32... c5 $19) 29. h5 Re7 ({8:-2.31} 29...
Re7 30. hxg6 Qb1+ 31. Kh2 hxg6 32. Rxg6+ fxg6 33. Qxg6+ Rg7 34. Qe6+ Kh8 35.
Rh3+ Rh7 36. Qf6+ Kg8 37. Qxd8+ Kg7 38. Qxc7+ $18) ({8:+2.05} 29... Qd7 30. Qf4
a5 31. h6 Re6 32. Qe4 Qd4 33. Qf5 $19) 30. hxg6 Qb1+ ({8:-6.44} 30... Qb1+ 31.
Kh2 hxg6 32. Rxg6+ fxg6 33. Qxg6+ Rg7 34. Qe6+ Kh8 35. Rh3+ Rh7 36. Qf6+ Kg8
37. Qxd8+ Kf7 38. Qd7+ Kg6 39. Rxh7 $18) ({8:-2.31} 30... fxg6 $18) 31. Kh2
fxg6 32. Rxg6+ hxg6 33. Qxg6+ Rg7 34. Qe6+ Kh8 35. Rh3+ Rh7 36. Qf6+ Kg8 37.
Qxd8+ Kf7 38. Qd7+ Kf8 39. Rxh7 Qh1+ 40. Kxh1 c5 41. Qd8# 1-0

[Event "ICS rated blitz match"]
[Site "207.99.83.227"]
[Date "1999.04.12"]
[Round "?"]
[White "Hossa"]
[Black "WhiteHorse"]
[Result "1-0"]
[WhiteElo "2461"]
[BlackElo "2396"]
[PlyCount "41"]

1. e4 c5 2. Bc4 a6 3. Nc3 e6 4. d3 Nf6 5. Bg5 Be7 6. Nf3 d5 7. exd5 exd5 8.
Bxf6 dxc4 9. Bxg7 Rg8 10. Be5 cxd3 11. O-O dxc2 12. Qxc2 Nc6 13. Qxh7 Rf8 14.
Bg7 Be6 15. Bxf8 Bxf8 16. Rad1 Qc7 17. Rfe1 Bd6 18. Qh8+ Bf8 19. Nd5 Qa5 20.
Nf6+ Ke7 21. Rd7# {WhiteHorse checkmated} 1-0

[Event "ICS rated blitz match"]
[Site "207.99.83.227"]
[Date "1999.04.12"]
[Round "?"]
[White "WhiteHorse"]
[Black "Hossa"]
[Result "1/2-1/2"]
[WhiteElo "2383"]
[BlackElo "2474"]
[PlyCount "98"]

1. d4 Nf6 2. e3 e6 3. c3 d5 4. f4 Bd6 5. Nf3 O-O 6. Bd3 b6 7. Qe2 Nc6 8. O-O
Bb7 9. Nbd2 Qe7 10. Ne5 Kh8 11. Rf3 Rad8 12. Rh3 Rde8 13. Bxh7 Nd8 14. Bd3+ Kg8
15. Ndf3 Ne4 16. Nd2 Nf6 17. g4 g6 18. g5 Bxe5 19. dxe5 Nd7 20. Qf2 Kg7 21. Nf3
Nc5 22. Bc2 Rh8 23. Rxh8 Rxh8 24. b4 Ne4 25. Bxe4 dxe4 26. Nd2 Rh3 27. Bb2 Qf8
28. Nf1 Bd5 29. Ng3 Qh8 30. Rd1 Nc6 31. f5 Kg8 32. fxg6 fxg6 33. b5 Nxe5 34. c4
Rxg3+ 35. Qxg3 Qh5 36. Qxe5 Qxd1+ 37. Kg2 Qf3+ 38. Kg1 Qxe3+ 39. Kg2 Qf3+ 40.
Kg1 Qd1+ 41. Kf2 Qd2+ 42. Kg1 Qe1+ 43. Kg2 Qe2+ 44. Kg1 Qg4+ 45. Kf2 e3+ 46.
Kxe3 Qf3+ 47. Kd2 Qf2+ 48. Kc1 Qf1+ 49. Kd2 49... Qf2+ {
Game drawn by mutual agreement} 1/2-1/2

[Event "ICS rated blitz match"]
[Site "207.99.83.227"]
[Date "1999.04.13"]
[Round "?"]
[White "Hossa"]
[Black "WWWebbyTWeasel"]
[Result "1-0"]
[WhiteElo "2475"]
[BlackElo "2093"]
[PlyCount "55"]

1. e4 e5 2. Nf3 Nc6 3. Bc4 Nf6 4. Ng5 d5 5. exd5 Nxd5 6. Qh5 g6 7. Qf3 Be6 8.
Nxe6 fxe6 9. d3 Qd7 10. O-O O-O-O 11. Nc3 Nd4 12. Qd1 Nxc3 13. bxc3 Nf5 14. Rb1
Bc5 15. Qe2 Qd6 16. Re1 Rhf8 17. Qe4 Bb6 18. Kh1 Ne7 19. Qxe5 Qxe5 20. Rxe5
Rxf2 21. Bxe6+ Kb8 22. Re1 Rdf8 23. Bh6 R8f6 24. Bg5 Rxe6 25. Rxe6 Nc8 26. Rc1
a5 27. Rf6 Nd6 28. Rxf2 {WWWebbyTWeasel resigns} 1-0